000 01059nam a2200301 i 4500
001 000016290
003 DO-SdBNP
005 20260114095230.0
007 ta
008 100303s2002 dr r 000 0 spa d
040 _aDO-SdBNP
_bspa
_cBNPHU
_erda
041 _aspa
082 4 _a371.35
_bC737m
_222
245 0 0 _aCompendio de metodología del aprendizaje semipresencial /
_ccompilación y elaboración, Eufemia Reyes.
264 1 _aSanto Domingo, República Dominicana :
_bUniversidad del Caribe,
_c2002.
300 _a161 páginas ;
_c23 cm.
336 _atexto
_btxt
_2rdacontent
337 _asin mediación
_bn
_2rdamedia
338 _avolumen
_bnc
_2rdacarrier
490 1 _aEdiciones Unicaribe
_vversión 3
504 _aBibliografía : páginas 151-153,161
590 _aInventariado, 2025/BT
650 4 _aEducación abierta
_xMetodología
_936374
650 4 _aEducación de adulto
_xMetodología
_936375
650 4 _aUniversidad a distancia
_xMetodología
_936376
700 1 _aReyes, Eufemia,
_ecompilador
_4comp.
_936377
942 _2ddc
_cLBS1
999 _c15825
_d15825